00749nam a2200229Ii 45000010005000000030009000050080041000140200015000550400033000700410008001030840012001111000032001232450027001552640039001823000012002213360026002333370028002593380027002879400050003149990017003649520138003819916CO-ViMGA241108s9999||||xx |||||||||||||| ||und|| a8420445177 aCO-ViMGAbspaerdacCO-ViMGA0 aspa aC HEI5t1 aFlorence Parry Heide94690110aEl tesoro de Tristán 1aMadrid, España : Alfaguara, 1987 avolumen atextbtxt2rdacontent aunmediatedbn2rdamedia avolumebnc2rdacarrier aidficha_siabuc: 9693. -- ficha_no_siabuc:9916 c41477d41477 001040708InfPoTiaMEVIGERRbMEVIGERRcSInfd2006-11-27oC HEI5tpECA10445r2024-11-26 08:56:13tEj.1w2024-11-26yBKz9693 | 13229